<?xml version="1.0" encoding="UTF-8"?><?xml-stylesheet type="text/xsl" href="static/style.xsl"?><OAI-PMH xmlns="http://www.openarchives.org/OAI/2.0/" xmlns:xsi="http://www.w3.org/2001/XMLSchema-instance" xsi:schemaLocation="http://www.openarchives.org/OAI/2.0/ http://www.openarchives.org/OAI/2.0/OAI-PMH.xsd"><responseDate>2026-06-29T07:31:06Z</responseDate><request verb="GetRecord" identifier="oai:docta.ucm.es:20.500.14352/135020" metadataPrefix="marc">https://docta.ucm.es/rest/oai/request</request><GetRecord><record><header><identifier>oai:docta.ucm.es:20.500.14352/135020</identifier><datestamp>2026-04-25T00:17:56Z</datestamp><setSpec>com_20.500.14352_14</setSpec><setSpec>col_20.500.14352_18</setSpec></header><metadata><record xmlns="http://www.loc.gov/MARC21/slim" xmlns:dcterms="http://purl.org/dc/terms/" xmlns:xsi="http://www.w3.org/2001/XMLSchema-instance" xmlns:doc="http://www.lyncode.com/xoai" xsi:schemaLocation="http://www.loc.gov/MARC21/slim http://www.loc.gov/standards/marcxml/schema/MARC21slim.xsd">
   <leader>00925njm 22002777a 4500</leader>
   <datafield ind2=" " ind1=" " tag="042">
      <subfield code="a">dc</subfield>
   </datafield>
   <datafield ind2=" " ind1=" " tag="720">
      <subfield code="a">Ruiz Sanjuan, César</subfield>
      <subfield code="e">author</subfield>
   </datafield>
   <datafield ind2=" " ind1=" " tag="260">
      <subfield code="c">2019</subfield>
   </datafield>
   <datafield ind2=" " ind1=" " tag="520">
      <subfield code="a">El presente libro tiene como objeto analizar el modo en que se articulan lo histórico y lo sistemático en la teoría de Marx. Se trata de una articulación compleja, que pasa por distintas fases en el proceso de formación de su teoría, lo que exige abordar el conjunto de su obra para comprender cómo se configura dicha articulación en su formulación teórica definitiva. En este sentido, el estudio que realizamos de las diversas etapas por las que transcurre el pensamiento de Marx está dirigido a comprender la relación que existe entre lo histórico y lo sistemático en su obra de madurez, constituida por el conjunto de textos que conforman el proyecto teórico de “crítica de la economía política”. Pero la reflexión filosófica de Marx sobre los fundamentos de su teoría es reducida en esta fase de su evolución teórica, por lo que resulta preciso remitirse a sus escritos anteriores, en los que la reflexión sobre el proceso de constitución de su posición teórica se encuentra desarrollada con mayor amplitud.</subfield>
   </datafield>
   <datafield ind1="8" ind2=" " tag="024">
      <subfield code="a">978-84-323-1937-2</subfield>
   </datafield>
   <datafield ind1="8" ind2=" " tag="024">
      <subfield code="a">https://hdl.handle.net/20.500.14352/135020</subfield>
   </datafield>
   <datafield ind1="8" ind2=" " tag="024">
      <subfield code="a">https://www.sigloxxieditores.com/libro/historia-y-sistema-en-marx_49372/</subfield>
   </datafield>
   <datafield ind1="8" ind2=" " tag="024">
      <subfield code="a">https://produccioncientifica.ucm.es/documentos/5d4395002999525d2fc69181</subfield>
   </datafield>
   <datafield ind2="0" ind1="0" tag="245">
      <subfield code="a">Historia y sistema en Marx: hacia una teoría crítica del capitalismo</subfield>
   </datafield>
</record></metadata></record></GetRecord></OAI-PMH>